00509nam a2200157Ia 4500003000900000008004100009020001800050040001600068080001900084110003900103245010000142260005700242300001400299650001900313650001900332IN-BaIIA211028s9999 xx 000 0 eng d a0-87891-605-9 cIIA Library a621.7:744bREA aResearch and education association 4aThe machine design problem solvercResearch and education association  aNew JerseybResearch and Education Associationc1993 axi, 915p. aMachine design aNASA thesaurus